00753nam a22001937a 450000500170000001000150001702000120003203500140004403700090005808200220006710000300008924500520011926000440017127000970021530000250031294200360033799900190037395201670039220250311105237.0 aENG-144054 c1600.00 aEN-127586 bDBAD a344.543103564321 aSubramaniyam, Ravi979493 aTamil Nadu Prison Manual/cBy Ravi Subramaniyam bCTC Publiccations Pvt. LtdaIndIac2016 bChennaie600004a5-B, Sanskrit Collage Street, Mylaporemctcpublications@gmail.comk24982698 axliv,900p.c24cm(pb) 2ddccENh344.5431035643mSUBe1 c210216d210216 001040708NFICaZLSbZLSd2025-03-11eDelivery of Books Act Divisiong1600.00l0o344.5431035643 SUBpEN-127586r2025-03-11 00:00:00t1v1600.00w2025-03-11yEN